000 00462nam a2200145Ia 4500
008 211109s9999||||xx |||||||||||||| ||und||
082 _a891.431
_bDEV-U
100 _aDevtale, Chandrakant
245 0 _aUske Sapne: A Selection Of Poems
260 _bVANI Prakasan
_aDelhi
_c1997
300 _a229p.
630 _xgeneral stack
650 _aLiterature & rhetoric
_vLiteratures of other languages
_x East Indo-European & Celtic literaturesGeneralia
942 _cBOOK
999 _c53692
_d53692